|
|
|
|
| LEADER |
01433nam a22003857a 4500 |
| 001 |
30178 |
| 003 |
BD-DhAAL |
| 005 |
20151026150543.0 |
| 008 |
151021s1995 bg a|||| |||| 00| 0 eng d |
| 040 |
|
|
|a BD-DhAAL
|c BD-DhAAL
|
| 082 |
|
|
|2 22
|a 307.1412095492
|
| 999 |
|
|
|c 35918
|d 35918
|
| 999 |
|
|
|c 35911
|
| 999 |
|
|
|c 35911 | 35910 | 35909 | 35869 | 35868 | 35864 | 35863
|
| 999 |
|
|
|c 35910
|
| 999 |
|
|
|c 35909
|
| 999 |
|
|
|c 35869
|
| 999 |
|
|
|c 35868
|
| 999 |
|
|
|c 35864
|
| 999 |
|
|
|c 35863
|
| 100 |
|
|
|9 15609
|a Zaman, Hassan
|
| 245 |
|
|
|a Profitability of BRAC-financed projects :
|b a study of seven microenterprises in Matab, working paper no. 7 /
|c Hassan Zaman [et al.]
|
| 260 |
|
|
|a Dhaka :
|b BRAC-ICDDR,B joint research project, BRAC,
|c 1995
|
| 300 |
|
|
|a 25 p. :
|b ill. ;
|c 28 cm.
|
| 541 |
|
|
|e 30178
|
| 610 |
|
|
|a BRAC
|9 15610
|
| 650 |
|
|
|a Rural Development
|z Bangladesh
|9 15611
|
| 700 |
|
|
|a Rahman, Saima
|9 15732
|
| 700 |
|
|
|a Hussain, Shahed
|9 15733
|
| 700 |
|
|
|a Rana, Masud
|9 15734
|
| 710 |
|
|
|a BRAC
|9 15610
|
| 852 |
|
|
|a Ayesha Abed Library
|c BRAC Resource Section
|
| 942 |
|
|
|2 ddc
|c BK
|
| 952 |
|
|
|0 0
|1 0
|2 ddc
|4 0
|6 307_141209549200000_PRO
|7 0
|9 56442
|a BRACUL
|b BRACUL
|c BRS
|d 2015-10-26
|e BRAC
|l 0
|o 307.1412095492 PRO
|p 3010030178
|r 2015-10-26
|t 1
|w 2015-10-26
|y BK
|
| 952 |
|
|
|0 0
|1 0
|2 ddc
|4 0
|6 307_141209549200000_PRO
|7 0
|9 56443
|a BRACUL
|b BRACUL
|c BRS
|d 2015-10-26
|e BRAC
|l 0
|o 307.1412095492 PRO
|p 3010030179
|r 2015-10-26
|t 2
|w 2015-10-26
|y BK
|